[Event "South America-ch 1st"]
[Site "Lima"]
[Date "2023.09.18"]
[Round "5"]
[White "Quirhuayo Chumbe, German Gonzalo"]
[Black "Terry, Renato"]
[Result "1-0"]
[WhiteElo "2278"]
[BlackElo "2520"]
[PlyCount "69"]
[EventDate "2023.09.14"]
[EventType "swiss"]
[EventRounds "9"]
[EventCountry "PER"]
[SourceTitle "EXT 2024"]
[Source "ChessBase"]
[SourceDate "2023.10.10"]
[SourceVersion "1"]
[SourceVersionDate "2023.10.10"]
[SourceQuality "1"]

1. e4 d6 2. d4 Nf6 3. Nc3 c6 4. f4 Qa5 5. Bd3 e5 6. Nf3 Bg4 7. Bd2 Qc7 8. h3 Bxf3 9. Qxf3 exd4 10. Ne2 c5 11. b3 Nc6 12. c3 Be7 13. cxd4 cxd4 14. 0-0 0-0 15. Kh1 Rad8 16. Ng3 Rfe8 17. b4 a6 18. a4 a5 19. b5 Nb4 20. Rac1 Qb8 21. Bb1 Nd7 22. Nf5 Bf6 23. g4 Nc5 24. g5 Be7 25. Nxd4 Bf8 26. f5 d5 27. g6 Nxe4 28. gxf7+ Kxf7 29. Bxe4 dxe4 30. Qb3+ Nd5 31. Ne6 Rd7 32. Bf4 Nxf4 33. Nc7+ Ke7 34. Rxf4 Rxc7 35. Qe6+ 1-0

[Event "Online Olym Div Top-D"]
[Site "Chess.com INT"]
[Date "2021.09.10"]
[Round "7.3"]
[White "Gedajlovic, Max"]
[Black "Quirhuayo Chumbe, German Gonzalo"]
[Result "1-0"]
[WhiteElo "2337"]
[BlackElo "2296"]
[PlyCount "93"]
[EventDate "2021.09.08"]
[EventType "team (rapid)"]
[EventRounds "9"]
[EventCountry "USA"]
[SourceTitle "CBM 204 Extra"]
[Source "ChessBase"]
[SourceDate "2021.11.30"]
[SourceVersion "1"]
[SourceVersionDate "2021.11.30"]
[SourceQuality "1"]
[WhiteTeam "Canada"]
[BlackTeam "Peru"]
[WhiteTeamCountry "CAN"]
[BlackTeamCountry "PER"]

1. d4 Nf6 2. c4 e6 3. Nf3 c5 4. d5 b5 5. Bf4 bxc4 6. Nc3 exd5 7. Nxd5 Nxd5 8. Qxd5 Nc6 9. Ne5 Nxe5 10. Bxe5 Ba6 11. Bc7 Qxc7 12. Qxa8+ Bc8 13. 0-0-0 Be7 14. Qe4 c3 15. e3 Bb7 16. Qg4 cxb2+ 17. Kb1 0-0 18. Rxd7 Be4+ 19. Bd3 Bxd3+ 20. Rxd3 Bf6 21. Qc4 h5 22. Rd5 Rc8 23. Rxh5 Rd8 24. e4 Qf4 25. Rd5 Re8 26. f3 Bd4 27. Rxd4 cxd4 28. Qxd4 Rb8 29. Qd3 Qc7 30. Rd1 a5 31. Qd6 Qb7 32. Qd5 Qb4 33. e5 Re8 34. Qd4 Qf8 35. f4 Rb8 36. f5 Qc8 37. Qd7 Qc4 38. e6 Qe4+ 39. Qd3 Qxg2 40. e7 Kh7 41. f6+ g6 42. Qd5 Qe2 43. Qxf7+ Kh6 44. Qd5 Rb5 45. Qd2+ Qxd2 46. Rxd2 Re5 47. f7 1-0

[Event "Online Olym Div Top-D"]
[Site "Chess.com INT"]
[Date "2021.09.09"]
[Round "4.5"]
[White "Quirhuayo Chumbe, German Gonzalo"]
[Black "Alvarez Calzadilla, Jose Avelino"]
[Result "1/2-1/2"]
[WhiteElo "2296"]
[BlackElo "2287"]
[PlyCount "73"]
[EventDate "2021.09.08"]
[EventType "team (rapid)"]
[EventRounds "9"]
[EventCountry "USA"]
[SourceTitle "CBM 204 Extra"]
[Source "ChessBase"]
[SourceDate "2021.11.30"]
[SourceVersion "1"]
[SourceVersionDate "2021.11.30"]
[SourceQuality "1"]
[WhiteTeam "Peru"]
[BlackTeam "Cuba"]
[WhiteTeamCountry "PER"]
[BlackTeamCountry "CUB"]

1. e4 c5 2. Nf3 Nc6 3. d4 cxd4 4. Nxd4 Nf6 5. Nc3 e6 6. Ndb5 d6 7. Bf4 e5 8. Bg5 a6 9. Na3 b5 10. Nd5 Be7 11. Bxf6 Bxf6 12. c4 b4 13. Nc2 a5 14. Qf3 Be6 15. Rd1 0-0 16. Nxf6+ Qxf6 17. Qxf6 gxf6 18. Rxd6 Rfc8 19. b3 a4 20. Be2 axb3 21. axb3 Ra2 22. Bd1 Rb2 23. Rd3 Kf8 24. 0-0 Ke7 25. Ne3 Ra8 26. f4 exf4 27. Rxf4 Ne5 28. Rd4 Ra1 29. Rf1 Nc6 30. Rd3 Ne5 31. Rd4 Nc6 32. Rd3 Raa2 33. Re1 Ne5 34. Rd4 Nc6 35. Rd3 Ne5 36. Rd4 Nc6 37. Rd3 1/2-1/2

[Event "Online Olym Div Top-D"]
[Site "Chess.com INT"]
[Date "2021.09.09"]
[Round "5.2"]
[White "Teclaf, Pawel"]
[Black "Quirhuayo Chumbe, German Gonzalo"]
[Result "1-0"]
[WhiteElo "2543"]
[BlackElo "2296"]
[PlyCount "107"]
[EventDate "2021.09.08"]
[EventType "team (rapid)"]
[EventRounds "9"]
[EventCountry "USA"]
[SourceTitle "CBM 204 Extra"]
[Source "ChessBase"]
[SourceDate "2021.11.30"]
[SourceVersion "1"]
[SourceVersionDate "2021.11.30"]
[SourceQuality "1"]
[WhiteTeam "Poland"]
[BlackTeam "Peru"]
[WhiteTeamCountry "POL"]
[BlackTeamCountry "PER"]

1. e4 c5 2. Nf3 d6 3. d4 Nf6 4. Nc3 cxd4 5. Nxd4 a6 6. Bc4 e6 7. Bb3 Be7 8. f4 0-0 9. Qf3 Qc7 10. g4 b5 11. g5 Nfd7 12. f5 b4 13. Nce2 Ne5 14. Qh3 exf5 15. exf5 Nbc6 16. Be3 Nxd4 17. Nxd4 Nc4 18. 0-0-0 d5 19. Qf3 Bc5 20. Bf2 Bb7 21. Kb1 Rfe8 22. f6 g6 23. h4 Ne5 24. Qg3 Bd6 25. h5 Nc4 26. Qf3 Bf4 27. hxg6 fxg6 28. Ne2 Nd2+ 29. Rxd2 Bxd2 30. Bxd5+ Bxd5 31. Qxd5+ Qf7 32. Qxd2 Rad8 33. Nd4 Qd5 34. Re1 Kf7 35. b3 a5 36. Rxe8 Rxe8 37. Qd3 h6 38. gxh6 Kxf6 39. Kb2 Qe5 40. a4 bxa3+ 41. Ka2 Qf4 42. Nf3 Re6 43. Bd4+ Kf7 44. h7 Re8 45. h8Q Rxh8 46. Bxh8 g5 47. Be5 Qg4 48. Bb2 Qf4 49. Bxa3 g4 50. Bd6 Qxf3 51. Qxf3+ gxf3 52. Bc5 Ke6 53. Bf2 Kd5 54. Ka3 1-0

[Event "Online Olym Div Top-D"]
[Site "Chess.com INT"]
[Date "2021.09.08"]
[Round "3.1"]
[White "Quirhuayo Chumbe, German Gonzalo"]
[Black "Avila Pavas, Santiago"]
[Result "1-0"]
[WhiteElo "2296"]
[BlackElo "2395"]
[PlyCount "109"]
[EventDate "2021.09.08"]
[EventType "team (rapid)"]
[EventRounds "9"]
[EventCountry "USA"]
[SourceTitle "CBM 204 Extra"]
[Source "ChessBase"]
[SourceDate "2021.11.30"]
[SourceVersion "1"]
[SourceVersionDate "2021.11.30"]
[SourceQuality "1"]
[WhiteTeam "Peru"]
[BlackTeam "Colombia"]
[WhiteTeamCountry "PER"]
[BlackTeamCountry "COL"]

1. e4 g6 2. d4 Bg7 3. Be3 d6 4. Nc3 a6 5. h4 h6 6. Qd2 Nf6 7. f3 b5 8. g4 Bb7 9. 0-0-0 Nbd7 10. Nh3 Nb6 11. Bd3 e6 12. g5 hxg5 13. Nxg5 Qe7 14. Kb1 0-0-0 15. a4 Nc4 16. Bxc4 bxc4 17. d5 c6 18. dxc6 Bxc6 19. Qd4 d5 20. Qb6 Bb7 21. Bc5 Qd7 22. e5 Nh5 23. Bd6 Bf8 24. Qc5+ Bc6 25. Nxf7 Bxd6 26. exd6 Qxf7 27. Qxc6+ Kb8 28. Qxa6 Rd7 29. Nb5 Ng3 30. Rhe1 Nf5 31. Nc7 Rxd6 32. Qa8+ Kxc7 33. Qxh8 Rb6 34. a5 Rb5 35. Qe5+ Nd6 36. Qxe6 Qxf3 37. Qe3 Qf5 38. Qe7+ Kc6 39. Re6 Qf4 40. Rxg6 c3 41. Rxd6+ Qxd6 42. Qxd6+ Kxd6 43. b3 Rxa5 44. Rd3 Rc5 45. Rh3 d4 46. h5 Rc7 47. h6 Rh7 48. Kc1 Ke5 49. Kd1 Kf4 50. Ke2 Ke4 51. Rh4+ Kd5 52. Kd3 Ke5 53. Rh5+ Kf4 54. Kxd4 Kg4 55. Rh1 1-0

[Event "FIDE World Uni Rapid-A 1st"]
[Site "Tornelo INT"]
[Date "2021.03.21"]
[Round "7"]
[White "Neelash, Saha"]
[Black "Quirhuayo Chumbe, German Gonzalo"]
[Result "1-0"]
[WhiteElo "2413"]
[BlackElo "2296"]
[PlyCount "79"]
[EventDate "2021.03.20"]
[EventType "swiss (rapid)"]
[EventRounds "12"]
[EventCountry "NET"]
[SourceTitle "CBM 201 Extra"]
[Source "ChessBase"]
[SourceDate "2021.05.31"]
[SourceVersion "1"]
[SourceVersionDate "2021.05.31"]
[SourceQuality "1"]

1. d4 Nf6 2. Bg5 Ne4 3. Bf4 d5 4. e3 g6 5. Bd3 Nf6 6. h3 Bg7 7. Nd2 0-0 8. Ngf3 c5 9. c3 Nc6 10. 0-0 Nd7 11. Bb5 Qb6 12. Qa4 a6 13. Bxc6 bxc6 14. b4 c4 15. e4 Nf6 16. Rfe1 dxe4 17. Nxe4 Nd5 18. Bd2 a5 19. a3 Bf5 20. Qd1 Rfd8 21. Qe2 axb4 22. axb4 Qb5 23. Nc5 Bd3 24. Qd1 e6 25. Qc1 Nb6 26. Qb2 Bf8 27. Rxa8 Rxa8 28. Ra1 Bxc5 29. Rxa8+ Nxa8 30. dxc5 Qa4 31. Bf4 f6 32. Bd6 e5 33. Kh2 Kg7 34. Qc1 Qa7 35. Qe1 Qd7 36. Qa1 Qb7 37. Qa5 g5 38. Qd8 h5 39. Qf8+ Kg6 40. Be7 1-0

[Event "FIDE World Uni Rapid-A 1st"]
[Site "Tornelo INT"]
[Date "2021.03.20"]
[Round "6"]
[White "Quirhuayo Chumbe, German Gonzalo"]
[Black "Defromont, Benjamin"]
[Result "1/2-1/2"]
[WhiteElo "2296"]
[BlackElo "2246"]
[PlyCount "102"]
[EventDate "2021.03.20"]
[EventType "swiss (rapid)"]
[EventRounds "12"]
[EventCountry "NET"]
[SourceTitle "CBM 201 Extra"]
[Source "ChessBase"]
[SourceDate "2021.05.31"]
[SourceVersion "1"]
[SourceVersionDate "2021.05.31"]
[SourceQuality "1"]

1. e4 e5 2. Nf3 Nc6 3. Bb5 a6 4. Ba4 Nf6 5. d3 d6 6. c3 g6 7. 0-0 Bg7 8. Nbd2 0-0 9. Re1 b5 10. Bc2 Nb8 11. a4 Bb7 12. d4 Nbd7 13. Nf1 Re8 14. Ng3 c5 15. d5 c4 16. h3 Nc5 17. Be3 Nfd7 18. Qd2 Qc7 19. Nh2 Nb6 20. axb5 axb5 21. Bh6 Bh8 22. Ng4 Rxa1 23. Rxa1 Bc8 24. Bg5 Bxg4 25. hxg4 Nba4 26. Rb1 Rb8 27. Ne2 Bg7 28. g3 Qa5 29. Kg2 b4 30. Qe3 bxc3 31. bxc3 Rxb1 32. Bxb1 f6 33. Bh6 Bxh6 34. Qxh6 Nxc3 35. Nxc3 Qxc3 36. Qh4 Qc1 37. Qxf6 Qxb1 38. Qd8+ Kf7 39. Qxd6 Qxe4+ 40. Kh2 Qd4 41. Qc7+ Ke8 42. d6 Qxf2+ 43. Kh1 Qf3+ 44. Kh2 Qe2+ 45. Kh1 Qf3+ 46. Kh2 Qf2+ 47. Kh1 Qe1+ 48. Kg2 Qe4+ 49. Kh2 Qe2+ 50. Kh1 Qe4+ 51. Kh2 Qe2+ 1/2-1/2

[Event "FIDE World Uni Rapid-A 1st"]
[Site "Tornelo INT"]
[Date "2021.03.20"]
[Round "2"]
[White "Quirhuayo Chumbe, German Gonzalo"]
[Black "Santos, Rita Alexandra"]
[Result "1-0"]
[WhiteElo "2296"]
[BlackElo "1606"]
[PlyCount "95"]
[EventDate "2021.03.20"]
[EventType "swiss (rapid)"]
[EventRounds "12"]
[EventCountry "NET"]
[SourceTitle "CBM 201 Extra"]
[Source "ChessBase"]
[SourceDate "2021.05.31"]
[SourceVersion "1"]
[SourceVersionDate "2021.05.31"]
[SourceQuality "1"]

1. e4 e5 2. Nf3 Nc6 3. Bb5 f5 4. d3 d6 5. Nc3 Nf6 6. 0-0 Be7 7. d4 0-0 8. Bxc6 bxc6 9. dxe5 Nxe4 10. Ne2 d5 11. c4 Bc5 12. Qa4 a5 13. b3 Bb7 14. Ba3 Bxa3 15. Qxa3 Re8 16. Rad1 Qe7 17. Qc1 g5 18. Ned4 f4 19. Rfe1 Rad8 20. cxd5 cxd5 21. Nf5 Qe6 22. N3d4 Qb6 23. e6 c5 24. Nh6+ Kf8 25. Ndf5 Rxe6 26. Qb2 d4 27. Qa3 Qb4 28. Qc1 Qb6 29. f3 Nc3 30. Rxe6 Qxe6 31. Re1 Qf6 32. Qd2 Re8 33. Rxe8+ Kxe8 34. Qe1+ Kf8 35. g4 Bc8 36. h4 Bxf5 37. Nxf5 Nd5 38. Qxa5 gxh4 39. Qxc5+ Ne7 40. Nxd4 h3 41. g5 Qg6 42. Kh2 Kf7 43. Qe5 Nc6 44. Qd5+ Kg7 45. Nxc6 Qc2+ 46. Kxh3 Qf2 47. Qe5+ Kf7 48. Nd8+ 1-0

[Event "FIDE World Uni Rapid-A 1st"]
[Site "Tornelo INT"]
[Date "2021.03.20"]
[Round "3"]
[White "Vozinaki, Anthi Maria"]
[Black "Quirhuayo Chumbe, German Gonzalo"]
[Result "1/2-1/2"]
[WhiteElo "1861"]
[BlackElo "2296"]
[PlyCount "185"]
[EventDate "2021.03.20"]
[EventType "swiss (rapid)"]
[EventRounds "12"]
[EventCountry "NET"]
[SourceTitle "CBM 201 Extra"]
[Source "ChessBase"]
[SourceDate "2021.05.31"]
[SourceVersion "1"]
[SourceVersionDate "2021.05.31"]
[SourceQuality "1"]

1. e4 c5 2. Nf3 Nc6 3. d4 cxd4 4. Nxd4 e5 5. Nb5 d6 6. c4 Be7 7. N1c3 a6 8. Na3 f5 9. exf5 Bxf5 10. Bd3 Be6 11. 0-0 Nf6 12. Nc2 0-0 13. Bg5 Qd7 14. Qd2 Bd8 15. Rad1 Bb6 16. Nd5 Ba7 17. b4 Bxd5 18. cxd5 Ne7 19. Ne3 Kh8 20. Bc2 Rac8 21. Qd3 Rf7 22. Qb3 Bd4 23. Rd2 Rc3 24. Qb1 h6 25. Bxf6 Rxf6 26. Re1 Qc8 27. Bf5 Qf8 28. Be6 Rf4 29. g3 Rf3 30. Bg4 Rf6 31. Qd1 Ba7 32. Be6 Ng6 33. Qg4 Ne7 34. Qe4 g6 35. Rc2 Rxc2 36. Qxc2 h5 37. Qe2 Kg7 38. Qd2 Qd8 39. Nc4 Bd4 40. Ne3 Qb6 41. a3 Rf3 42. Kg2 Rf8 43. Re2 Qb5 44. Nc2 Bb6 45. Ne3 Qa4 46. Qc3 Qb5 47. Nc4 Bd4 48. Qb3 Nxd5 49. a4 Qxb4 50. Qxb4 Nxb4 51. Nxd6 b6 52. Bc4 Rd8 53. Ne4 Rc8 54. Bb3 Nd3 55. Be6 Rc1 56. Bd5 b5 57. axb5 axb5 58. Ng5 Kf6 59. Ne4+ Kf5 60. Nd6+ Kg5 61. h4+ Kh6 62. Nxb5 Bxf2 63. Be4 Bxg3 64. Kxg3 Nf4 65. Rd2 Rg1+ 66. Kf2 Rg4 67. Nd6 Rxh4 68. Nf7+ Kg7 69. Nxe5 Kf6 70. Nf3 Rg4 71. Rd6+ Ke7 72. Ra6 Ne6 73. Bd5 Nf4 74. Be4 Ne6 75. Bd5 Nc7 76. Ra7 Kd6 77. Bf7 h4 78. Nxh4 Rf4+ 79. Kg3 Rxf7 80. Kg4 Rg7 81. Ra1 Nd5 82. Ra6+ Ke5 83. Rxg6 Rf7 84. Kh5 Nf4+ 85. Kh6 Nxg6 86. Nxg6+ Kf6 87. Nh4 Rf8 88. Kh5 Rg8 89. Nf3 Kf5 90. Nh4+ Kf4 91. Ng6+ Kf5 92. Ne7+ Kf6 93. Nxg8+ 1/2-1/2

[Event "FIDE World Uni Blitz-C 1st"]
[Site "Tornelo INT"]
[Date "2021.03.13"]
[Round "6.6"]
[White "Tokhirjonova, Gulruhbegim"]
[Black "Quirhuayo Chumbe, German Gonzalo"]
[Result "0-1"]
[WhiteElo "2362"]
[BlackElo "2296"]
[PlyCount "52"]
[EventDate "2021.03.13"]
[EventType "swiss (blitz)"]
[EventRounds "10"]
[EventCountry "NET"]
[SourceTitle "EXT 2022"]
[Source "ChessBase"]
[SourceDate "2021.10.06"]
[SourceVersion "1"]
[SourceVersionDate "2021.10.06"]
[SourceQuality "1"]

1. e4 c5 2. Nf3 Nc6 3. Bb5 g6 4. 0-0 Bg7 5. c3 e5 6. d4 cxd4 7. cxd4 exd4 8. Bf4 Nge7 9. Bd6 0-0 10. Nbd2 a6 11. Bd3 b6 12. a4 Bb7 13. b4 Re8 14. b5 Na5 15. Rc1 Nc8 16. Bc7 Qe7 17. Re1 d6 18. Qe2 axb5 19. Bxb5 Rf8 20. Qd3 Ra7 21. Nxd4 Ba8 22. Nf5 gxf5 23. exf5 Qf6 24. g4 Qd4 25. Qc2 Qxg4+ 26. Kf1 Bg2+ 0-1

[Event "FIDE World Uni Blitz-C 1st"]
[Site "Tornelo INT"]
[Date "2021.03.13"]
[Round "4.4"]
[White "Vazquez, Guillermo"]
[Black "Quirhuayo Chumbe, German Gonzalo"]
[Result "0-1"]
[WhiteElo "2527"]
[BlackElo "2296"]
[PlyCount "148"]
[EventDate "2021.03.13"]
[EventType "swiss (blitz)"]
[EventRounds "10"]
[EventCountry "NET"]
[SourceTitle "EXT 2022"]
[Source "ChessBase"]
[SourceDate "2021.10.06"]
[SourceVersion "1"]
[SourceVersionDate "2021.10.06"]
[SourceQuality "1"]

1. e4 c5 2. Nf3 Nc6 3. Bb5 g6 4. Bxc6 bxc6 5. 0-0 Bg7 6. Re1 Nh6 7. c3 f6 8. d4 cxd4 9. cxd4 Nf7 10. Nc3 0-0 11. Be3 d6 12. h3 Bb7 13. Rc1 e5 14. Qa4 Qe7 15. Red1 Rfd8 16. Qa3 Bf8 17. dxe5 fxe5 18. Qb3 h6 19. Nb1 Kh7 20. Nbd2 c5 21. Nh2 Bg7 22. f3 Bc8 23. Nc4 Be6 24. Qc2 Rab8 25. b3 h5 26. Nf1 Bf6 27. Qd2 Rd7 28. Qe1 Nd8 29. Na5 Rb6 30. Bf2 Nf7 31. Ne3 Qd8 32. Nac4 Ra6 33. Qe2 Rc6 34. Nd5 Bxd5 35. Rxd5 Be7 36. Rcd1 Rcc7 37. Ne3 Bf8 38. R5d3 Rb7 39. Nd5 Bg7 40. Qe1 Qe8 41. Bh4 Qe6 42. Qa5 g5 43. Bf2 Nd8 44. Qa6 Qe8 45. Ne3 Nf7 46. Nf5 Bf8 47. Qc4 Kg6 48. Qc2 Qe6 49. Qd2 Kh7 50. Bxc5 Rbc7 51. Be3 Rc6 52. Bxg5 Ra6 53. Be3 Qg6 54. Qf2 Nd8 55. Bxa7 Raxa7 56. Nxd6 Bxd6 57. Rxd6 Rxd6 58. Qxa7+ Kg8 59. Rxd6 Qxd6 60. Qf2 Ne6 61. a4 Nf4 62. a5 Qd1+ 63. Kh2 Qxb3 64. a6 Qa4 65. a7 Kf7 66. Qb6 Qa2 67. Qg1 h4 68. Kh1 Kg6 69. Kh2 Kg5 70. Kh1 Kh5 71. Kh2 Kg6 72. Qb6+ Kg5 73. Qd8+ Kg6 74. Qg8+ Qxg8 0-1

[Event "Online Olym Div Top-D"]
[Site "Chess.com INT"]
[Date "2020.08.23"]
[Round "7.5"]
[White "Quirhuayo Chumbe, German Gonzalo"]
[Black "Labussiere, Victor"]
[Result "1-0"]
[WhiteElo "2296"]
[BlackElo "2332"]
[PlyCount "63"]
[EventDate "2020.08.21"]
[EventType "team-tourn (rapid)"]
[EventRounds "9"]
[EventCountry "USA"]
[SourceTitle "CBM 198"]
[Source "ChessBase"]
[SourceDate "2020.10.31"]
[SourceVersion "1"]
[SourceVersionDate "2020.10.31"]
[SourceQuality "1"]
[WhiteTeam "Peru"]
[BlackTeam "Brazil"]
[WhiteTeamCountry "PER"]
[BlackTeamCountry "BRA"]

1. e4 c5 2. Nf3 Nc6 3. d4 cxd4 4. Nxd4 Nf6 5. Nc3 d6 6. Bg5 Bd7 7. Qd2 Rc8 8. 0-0-0 Nxd4 9. Qxd4 Qa5 10. f4 Rxc3 11. bxc3 e5 12. Qb4 Qxb4 13. cxb4 Nxe4 14. Bh4 Nc3 15. Re1 Nxa2+ 16. Kd2 Nxb4 17. Rb1 d5 18. c3 Nc6 19. Rxb7 Be7 20. Bxe7 Kxe7 21. Bb5 Kd6 22. fxe5+ Nxe5 23. Bxd7 Nxd7 24. Rxa7 Rb8 25. Kc2 Re8 26. Rd1 Kc6 27. Rd2 Re7 28. Kd1 Kb6 29. Rda2 Kc6 30. R2a6+ Kc5 31. Rc7+ Kb5 32. Raa7 1-0

[Event "Online Olym Div Top-D"]
[Site "Chess.com INT"]
[Date "2020.08.21"]
[Round "2.5"]
[White "Albornoz Cabrera, Carlos Daniel"]
[Black "Quirhuayo Chumbe, German Gonzalo"]
[Result "0-1"]
[WhiteElo "2577"]
[BlackElo "2296"]
[PlyCount "98"]
[EventDate "2020.08.21"]
[EventType "team-tourn (rapid)"]
[EventRounds "9"]
[EventCountry "USA"]
[SourceTitle "CBM 198"]
[Source "ChessBase"]
[SourceDate "2020.10.31"]
[SourceVersion "1"]
[SourceVersionDate "2020.10.31"]
[SourceQuality "1"]
[WhiteTeam "Cuba"]
[BlackTeam "Peru"]
[WhiteTeamCountry "CUB"]
[BlackTeamCountry "PER"]

1. e4 c5 2. Nf3 d6 3. d4 cxd4 4. Nxd4 Nf6 5. Nc3 a6 6. h4 e5 7. Nb3 Be7 8. Bg5 Be6 9. Bxf6 Bxf6 10. g3 0-0 11. Qd2 Be7 12. 0-0-0 b5 13. f4 b4 14. Nd5 Bxd5 15. Qxd5 Nd7 16. fxe5 Nxe5 17. Nd4 Qc7 18. Nf5 Rfd8 19. Rh2 Bf8 20. Ne3 a5 21. Qb5 Rdb8 22. Nd5 Qa7 23. Qa4 Nd7 24. Qc6 Ne5 25. Qa4 Nd7 26. Qc6 a4 27. Qc4 Ne5 28. Qe2 b3 29. cxb3 axb3 30. a3 Rc8+ 31. Kb1 Rc2 32. Rd2 Rac8 33. Qd1 Rc1+ 34. Qxc1 Rxc1+ 35. Kxc1 Nf3 36. Kd1 Nxh2 37. Rxh2 Qg1 38. Re2 Qxf1+ 39. Kd2 g6 40. Kd3 Bg7 41. Ne3 Qc1 42. Nc4 Qd1+ 43. Rd2 Qf3+ 44. Ne3 Bh6 45. Re2 Qxg3 46. a4 Bxe3 47. Rxe3 Qe5 48. Kc4 Qc5+ 49. Kd3 Qb4 0-1

[Event "Wch U16"]
[Site "Porto Carras"]
[Date "2018.10.27"]
[Round "8"]
[White "Quirhuayo Chumbe, German Gonzalo"]
[Black "Teclaf, Pawel"]
[Result "1/2-1/2"]
[WhiteElo "2220"]
[BlackElo "2384"]
[PlyCount "76"]
[EventDate "2018.10.20"]
[EventType "swiss"]
[EventRounds "11"]
[EventCountry "GRE"]
[SourceTitle "CBM 187 Extra"]
[Source "ChessBase"]
[SourceDate "2018.11.04"]
[SourceVersion "1"]
[SourceVersionDate "2018.11.04"]
[SourceQuality "1"]

1. e4 c6 2. Nc3 d5 3. Nf3 Bg4 4. h3 Bxf3 5. Qxf3 Nf6 6. d3 e6 7. Bd2 Qb6 8. 0-0-0 d4 9. Ne2 c5 10. g4 Nc6 11. g5 Nd7 12. Qg3 0-0-0 13. Kb1 h6 14. h4 Bd6 15. Qg1 hxg5 16. Bxg5 Rdg8 17. Bc1 Qd8 18. Bg5 Qb6 19. Bc1 g6 20. f4 Be7 21. h5 Qd8 22. hxg6 Rxg6 23. Rxh8 Qxh8 24. Qf2 Qh1 25. Qe1 Rg8 26. c3 Kb8 27. b3 Qf3 28. Bb2 dxc3 29. Bxc3 Nf6 30. Qd2 Nh5 31. Kb2 Rd8 32. a3 a5 33. Ka2 b6 34. Kb2 Bf8 35. f5 exf5 36. exf5 Qxf5 37. Bg2 Ne5 38. Be4 Qf6 1/2-1/2

[Event "Wch U16"]
[Site "Porto Carras"]
[Date "2018.10.21"]
[Round "3"]
[White "Zarubitski, Viachaslau"]
[Black "Quirhuayo Chumbe, German Gonzalo"]
[Result "1-0"]
[WhiteElo "2417"]
[BlackElo "2220"]
[PlyCount "53"]
[EventDate "2018.10.20"]
[EventType "swiss"]
[EventRounds "11"]
[EventCountry "GRE"]
[SourceTitle "CBM 187 Extra"]
[Source "ChessBase"]
[SourceDate "2018.11.04"]
[SourceVersion "1"]
[SourceVersionDate "2018.11.04"]
[SourceQuality "1"]

1. d4 Nf6 2. Nf3 e6 3. Bf4 c5 4. c3 d5 5. e3 Bd6 6. Nbd2 Qc7 7. Bxd6 Qxd6 8. Ne5 0-0 9. Bd3 b6 10. f4 Nfd7 11. Ne4 Qe7 12. Ng5 f5 13. Qh5 h6 14. Ngf3 Nxe5 15. fxe5 Ba6 16. Bc2 Qe8 17. Qh3 Qf7 18. Rg1 Nc6 19. g4 fxg4 20. Qxg4 Ne7 21. Rg2 cxd4 22. exd4 Kh8 23. Rd1 g6 24. Qh3 Qf4 25. Kf2 h5 26. Bxg6 Nxg6 27. Qxh5+ 1-0

[Event "Pan American-ch U16"]
[Site "Santiago de Chile"]
[Date "2018.07.29"]
[Round "9"]
[White "Quirhuayo Chumbe, German Gonzalo"]
[Black "Gaisinsky, Adam"]
[Result "1/2-1/2"]
[WhiteElo "2198"]
[BlackElo "1959"]
[PlyCount "91"]
[EventDate "2018.07.22"]
[EventType "swiss"]
[EventRounds "9"]
[EventCountry "CHI"]
[SourceTitle "EXT 2022"]
[Source "ChessBase"]
[SourceDate "2021.10.06"]
[SourceVersion "1"]
[SourceVersionDate "2021.10.06"]
[SourceQuality "1"]

1. e4 e5 2. Nf3 Nc6 3. Bb5 a6 4. Ba4 Nf6 5. 0-0 Be7 6. Re1 b5 7. Bb3 d6 8. c3 0-0 9. h3 Na5 10. Bc2 c5 11. d4 Nd7 12. Nbd2 exd4 13. cxd4 Nc6 14. d5 Nce5 15. Nxe5 Nxe5 16. f4 Ng6 17. Nf3 Bh4 18. Nxh4 Qxh4 19. f5 Ne5 20. Rf1 Bd7 21. Bf4 Rfe8 22. b3 b4 23. Qd2 h6 24. Rf2 Bb5 25. a4 bxa3 26. Rxa3 Rac8 27. Be3 f6 28. Rf4 Qh5 29. Bd1 Qf7 30. Rh4 Re7 31. Bh5 Qf8 32. Qf2 c4 33. Qg3 Kh8 34. Bd4 cxb3 35. Rxb3 Rc4 36. Be3 Rec7 37. Kh2 Rc3 38. Rxc3 Rxc3 39. Qe1 Rc2 40. Qd1 Rc7 41. Bb6 Rc3 42. Ba5 Rc4 43. Qd2 Qe8 44. Bd1 Ba4 45. Bxa4 Rxa4 46. Bc3 1/2-1/2

[Event "Pan American-ch U16"]
[Site "Santiago de Chile"]
[Date "2018.07.25"]
[Round "6"]
[White "Quirhuayo Chumbe, German Gonzalo"]
[Black "Liu, Aristo S"]
[Result "1-0"]
[WhiteElo "2198"]
[BlackElo "2101"]
[PlyCount "113"]
[EventDate "2018.07.22"]
[EventType "swiss"]
[EventRounds "9"]
[EventCountry "CHI"]
[SourceTitle "EXT 2022"]
[Source "ChessBase"]
[SourceDate "2021.10.06"]
[SourceVersion "1"]
[SourceVersionDate "2021.10.06"]
[SourceQuality "1"]

1. e4 e5 2. Nf3 Nf6 3. d4 Nxe4 4. Bd3 d5 5. dxe5 Nc6 6. 0-0 Be7 7. Nc3 Nxc3 8. bxc3 0-0 9. Rb1 a6 10. Re1 Na5 11. Qd2 c5 12. Qf4 b5 13. Qg3 Kh8 14. e6 Bxe6 15. Rxe6 c4 16. Rxe7 Qxe7 17. Bf1 Nc6 18. Nd4 Nxd4 19. cxd4 Rfc8 20. Bd2 Qe4 21. Qc3 Qg6 22. g3 Qf5 23. Be3 Rcb8 24. Bf4 Re8 25. Qd2 Re6 26. a3 Rae8 27. Be3 h6 28. Bg2 Kh7 29. Kh1 h5 30. Qe2 Rf6 31. Rb2 g6 32. h3 Qd7 33. g4 hxg4 34. Qxg4 Rf5 35. Qg3 Rh5 36. Kg1 Kg7 37. Rb1 Qe7 38. Bf3 Rhh8 39. Bxd5 Qd7 40. Bg2 f6 41. a4 Rh5 42. d5 bxa4 43. Qg4 Qxg4 44. hxg4 Rhh8 45. Ra1 Rb8 46. Bd4 a3 47. Bf3 Rb2 48. Rxa3 Rxc2 49. Rxa6 Rc1+ 50. Kg2 Rhh1 51. Kg3 Rcg1+ 52. Kf4 g5+ 53. Kf5 Rh3 54. Be4 Re1 55. Bxf6+ Kf8 56. d6 c3 57. Ra8+ 1-0

[Event "Pan American-ch U16"]
[Site "Santiago de Chile"]
[Date "2018.07.24"]
[Round "4"]
[White "Quirhuayo Chumbe, German Gonzalo"]
[Black "Benitez Galeano, Alejandro"]
[Result "1-0"]
[WhiteElo "2198"]
[BlackElo "2159"]
[PlyCount "53"]
[EventDate "2018.07.22"]
[EventType "swiss"]
[EventRounds "9"]
[EventCountry "CHI"]
[SourceTitle "EXT 2022"]
[Source "ChessBase"]
[SourceDate "2021.10.06"]
[SourceVersion "1"]
[SourceVersionDate "2021.10.06"]
[SourceQuality "1"]

1. e4 c5 2. Nf3 d6 3. d4 cxd4 4. Nxd4 Nf6 5. Nc3 g6 6. Be3 Bg7 7. f3 Nc6 8. Qd2 0-0 9. Bc4 Bd7 10. g4 Rc8 11. Be2 Ne5 12. h4 Nc4 13. Bxc4 Rxc4 14. h5 Qc8 15. 0-0-0 b5 16. Kb1 Qb7 17. Nb3 b4 18. Nd5 Nxd5 19. exd5 Qc7 20. Bh6 Rc8 21. Bxg7 Kxg7 22. hxg6 hxg6 23. Qh6+ Kf6 24. f4 Bxg4 25. Qg5+ Kg7 26. Qxg4 e5 27. dxe6 1-0